000
00316 a2200109 4500
001
ART_7120
005
20260410161719.0
008
260409a
245
1
0
_a
La Contabilidad
100
1
_a
García Casella, Carlos Luis
773
0
_t
Contabilidad y auditoría
_g
- Año 6, Nº 12 (dic. 2000)
_w
REV1723
999
_c
16835
_d
16835